MARC

LEADER 00000nam0a2200000 4500
001 25745
005 20231101205707.0
010 |a 5761102579 
035 |a (RuTPU)RU\TPU\book\25982 
035 |a BOOK00000052 
090 |a 25745 
100 |a 20011209d2000 m y0rusy50 ca 
101 0 |a rus 
102 |a RU 
105 |a y j 000zy 
200 1 |a Древняя Греция: история, быт, культура  |e Из книг современных ученых  |f сост. Л. С. Ильинская 
210 |a Москва  |c Московский лицей  |d 2000 
215 |a 380 с. 
606 1 |a Греция Древняя  |x История  |2 stltpush  |3 (RuTPU)RU\TPU\subj\58976  |9 76649 
610 1 |a история 
610 1 |a античность 
610 1 |a быт 
610 1 |a религия 
610 1 |a города 
610 1 |a хозяйство 
610 1 |a греко-персидские войны 
610 1 |a рабство 
610 1 |a демократия 
610 1 |a культура 
610 1 |a наука 
610 1 |a литература 
610 1 |a архитектура 
610 1 |a живопись 
610 1 |a скульптура 
610 1 |a Олимпийские игры 
610 1 |a учебные пособия 
610 1 |a хрестоматии 
686 |a Т3(0)32я7  |v LBC/SL-A  |2 rubbk 
702 1 |a Ильинская  |b Л. С.  |g Людмила Станиславовна  |4 220 
801 0 |a RU  |b 63413507  |c 20011209  |g PSBO 
801 2 |a RU  |b 63413507  |c 20230324  |g PSBO 
942 |c BK